000
00212nam a2200097Ia 4500
008
190216s9999||||xx |||||||||||||| ||und||
100
_a
Chellappan Nair N P
245
0
_a
Kaatupookal
260
_b
Null
942
_c
BK
999
_c
23859
_d
23859